Ciencia de la sociedad /
Збережено в:
| Автор: | |
|---|---|
| Формат: | Невідомо |
| Мова: | Spanish |
| Опубліковано: |
Moscú :
Progreso,
1977.
|
| Предмети: | |
| Теги: |
Додати тег
Немає тегів, Будьте першим, хто поставить тег для цього запису!
|
MARC
| LEADER | 000000000a22000000004500 | ||
|---|---|---|---|
| 001 | 004764 | ||
| 008 | 180212b xxu||||| |||| 00| 0 spa d | ||
| 041 | 0 | |a spa | |
| 082 | 0 | 4 | |a 335.43 |b C569c |
| 100 | 1 | |a Shaknazarov, Georgii Khosroevich | |
| 245 | 1 | 0 | |a Ciencia de la sociedad / |c Georgii Khosroevich Shaknazarov. |
| 260 | 1 | |a Moscú : |b Progreso, |c 1977. | |
| 300 | |a 526 páginas | ||
| 500 | |a Donación Gastón Gaínza Álvarez | ||
| 650 | 4 | |a COMUNISMO | |
| 650 | 4 | |a RUSIA | |
| 942 | |c BK |2 ddc | ||
| 999 | |c 10813 |d 10813 | ||
